| 000 | 00917pam a2200277 a 4500 | ||
|---|---|---|---|
| 999 |
_c26600 _d26600 |
||
| 001 | 3825359 | ||
| 003 | OSt | ||
| 005 | 20170204163754.0 | ||
| 008 | 861106s1987 nyua 000 0 eng | ||
| 010 | _a 86030270 | ||
| 020 |
_a0399513434 (pbk.) : _c$6.95 |
||
| 040 |
_aDLC _cDLC _dDLC |
||
| 043 | _an-us--- | ||
| 050 | 0 | 0 | _aNC1429.G28A4 1987 |
| 082 | 0 | 0 |
_a741.5/973 _219 |
| 100 | 1 |
_aGarner, Philip. _d1987- |
|
| 240 | 1 | 0 | _aGizmos and gadgets |
| 245 | 1 | 0 |
_aGarner's gizmos and gadgets / _cPhilip Garner. |
| 260 |
_aNew York : _bPerigee Books, _c1987. |
||
| 300 |
_a[80] p. : _ball ill. ; _c24 cm. |
||
| 650 | 0 |
_aCommercial products _zUnited States _xCaricatures and cartoons. |
|
| 650 | 0 | _aAmerican wit and humor, Pictorial. | |
| 740 | 0 | _aGizmos and gadgets. | |
| 906 |
_a7 _bcbc _corignew _d1 _eocip _f19 _gy-gencatlg |
||
| 942 |
_2lcc _cBOOKS _hNC1429.G28A4 1987 _k34283 |
||